| 000 | 00585cam a2200169 4500500 | ||
|---|---|---|---|
| 005 | 20251228090834.0 | ||
| 041 | _afre | ||
| 042 | _adc | ||
| 100 | 1 | 0 |
_aHaye, François _eauthor |
| 700 | 1 | 0 |
_aDaudin, Claire _eauthor |
| 700 | 1 | 0 |
_aForget, Claude _eauthor |
| 245 | 0 | 0 | _aL’Amitié a marché trois jours vers Chartres |
| 260 | _c2018. | ||
| 500 | _a97 | ||
| 786 | 0 | _nBulletin de l’Amitié Charles Péguy | 163 | 3 | 2018-04-22 | p. 260-277 | 0180-8567 | |
| 856 | 4 | 1 | _uhttps://shs.cairn.info/revue-bulletin-de-lamitie-charles-peguy-2018-3-page-260?lang=fr&redirect-ssocas=7080 |
| 999 |
_c1602789 _d1602789 |
||